NFL Football Teams by (Questionably Helpful) Picture Clues - Statistics

General Stats
  • This quiz has been taken 494 times
  • The average score is 14 of 32
Answer Stats
Picture Hint Answer % Correct
Lions
100%
Ravens
98%
Dolphins
96%
Browns
90%
Bengals
86%
Saints
80%
Bears
74%
Cowboys
65%
Giants
64%
Chiefs
62%
Chargers
58%
Steelers
55%
Falcons
53%
49ers
51%
Vikings
43%
Cardinals
35%
Colts
27%
Bills
24%
Broncos
23%
Buccaneers
23%
Commanders
23%
Texans
23%
Eagles
22%
Packers
20%
Jets
16%
Rams
13%
Panthers
10%
Seahawks
10%
Jaguars
9%
Patriots
8%
Raiders
8%
Titans
8%
No matching quizzes found
Score Distribution
Percent of People with Each Score
Percentile by Number Answered
Your Score History
You have not taken this quiz